00776 2200181 4500245010500000020002200105250001100127700001900138650001600157650001900173005001900192260004000211041001400251084001200265300002900277500027900306336000900585 aUntuk Negeriku b : Bukittinggi - Rotterdam Lewat Betawi Sebuah Otobiografi 1cMulyawan KarimhText a978-979-709-941-1 aCet. 7 aMulyawan Karim aOtobiografi aMohammad Hatta a20240520084548 aJakartabPenerbit Buku Kompasc2016 aIndonesia a809.382 axliv, 324 hlm. :c21 cm. aSaat aku duduk di kelas III, Pak Gaekku akan pergi ke Mekkah dan aku akan dibawanya menurut rencana yang sudah ditetapkan. Tetapi, beberapa minggu sebelum berangkat, ada desakan dari ibuku dan pamanku, supaya jangan aku yang ikut serta, melainkan pamanku yang bungsu, Idris. atext